000 00489nam a2200181 a 4500
001 7110
003 CO-ViMGA
008 141112s2004 ck r 000 u spa d
040 _aCO-ViMGA
_bspa
_cCO-ViMGA
082 0 4 _a696.1 L378
100 1 _aLesur Esquivel, Luis
_95212
245 1 0 _aManual de plomería :
_buna guía paso a paso
260 _aMedellín :
_bTrillas,
_c1993
300 _a160 p : il
490 _aCómo hacer bien y fácilmente
650 1 4 _aFONTANERIA
942 _2ddc
_cBK
999 _c19075
_d19075